00422nam a2200145 i 450000100060000000300090000600500170001500700030003200800410003510000300007624500590010626000460016530000320021185200330024323512ES-MaACL20251009063050.0t|021211s1953 sp ||||1| cat d1 aAmades, Joan, d1890-195913aLa imatgeria popular religiosa a Reus / cJuan Amades. aReus : bRosa de Reus, c1953 (fSabater) a99 p., 32 lám. ; c25 cm. aES-MaACLj1881-F-9 bR.35896